| 000 | 00920nam a2200253 a 4500 | ||
|---|---|---|---|
| 001 | 000022111 | ||
| 005 | 20240411201133.0 | ||
| 008 | 100916s1981 sp r 000 0 spa d | ||
| 020 | _a8427605536 | ||
| 040 |
_aDO-SdBNP _bspa _cBNPHU |
||
| 082 |
_a346 _bB476t |
||
| 100 | 1 |
_aBentham, jeremias, _d1748-1832 _945806 |
|
| 245 | 1 | 0 |
_aTratados de legislación civil y penal / _cJeremias Bentham ; Edición Magdalena Rodríguez Gil. |
| 260 |
_aMadrid : _bEditora Nacional, _c1981. |
||
| 300 |
_a638 p. ; _c21 cm. |
||
| 490 | 1 |
_aClásicos para una biblioteca contemporánea ; _v9 |
|
| 504 | _aIncluye referencias bibliográficas y notas al pie de las páginas. | ||
| 650 | 4 |
_aDerecho civil _93574 |
|
| 650 | 0 |
_aDerecho penal _917405 |
|
| 650 | 4 |
_aInterpretacion del derecho _99302 |
|
| 700 | 1 |
_aRodríguez Gil, Magdalena, _eed. _945807 |
|
| 830 | 0 |
_aClásicos para una biblioteca contemporánea ; _n9 _945808 |
|
| 049 | _aBNGR | ||
| 999 |
_c21609 _d21609 |
||